Barma ki aur/ (Record no. 52171)

000 -LEADER
fixed length control field 00379nam a22001577a 4500
020 ## - INTERNATIONAL STANDARD BOOK NUMBER
ISBN 81-905200-6-6
082 ## - DEWEY DECIMAL CLASSIFICATION NUMBER
Classification number H301
Item number MAD/V
100 ## - MAIN ENTRY--AUTHOR NAME
Personal name Madanlal Jain
245 ## - TITLE STATEMENT
Title Barma ki aur/
Statement of responsibility, etc by Madanlal Jain
260 ## - PUBLICATION, DISTRIBUTION, ETC. (IMPRINT)
Place of publication Delhi:
Name of publisher Pooja Pusthak Mandir,
Year of publication 2011.
300 ## - PHYSICAL DESCRIPTION
Number of Pages 112p.
650 ## - SUBJECT ADDED ENTRY--TOPICAL TERM
Topical Term Stories Hindi
650 ## - SUBJECT ADDED ENTRY--TOPICAL TERM
Topical Term Literature Hindi
650 ## - SUBJECT ADDED ENTRY--TOPICAL TERM
Topical Term Literature
942 ## - ADDED ENTRY ELEMENTS (KOHA)
Koha item type Book
Holdings
Withdrawn status Lost status Damaged status Not for loan Permanent Location Current Location Shelving location Date acquired Cost, normal purchase price Full call number Accession Number Price effective from Koha item type
        Sree Sankaracharya University of Sanskrit Sree Sankaracharya University of Sanskrit Stacks 27.03.2015 250.00 H301 MAD/V 074355 27.03.2015 Book